Κατάλογος Βιβλιοθηκών Mediterranean College

Η Συναισθηματική Νοημοσύνη / Γιατί το "EQ'' είναι πιο σημαντικό από το "IQ"; (Record no. 6156)

MARC details
000 -LEADER
fixed length control field 01320cam a22002054a 4500
005 - ΗΜΕΡΟΜΗΝΙΑ ΚΑΙ ΩΡΑ ΤΕΛΕΥΤΑΙΑΣ ΕΝΗΜΕΡΩΣΗΣ
Πεδίο ελέγχου 20250605164234.0
008 - FIXED-LENGTH DATA ELEMENTS--GENERAL INFORMATION
Πεδίο ελέγχου σταθερού μήκους 250528s ||||||||||||||||||||||||d
035 ## - SYSTEM CONTROL NUMBER
System control number 21086
020 ## - ISBN
ISBN 9789603442301
040 ## - ΠΗΓΗ ΚΑΤΑΛΟΓΟΓΡΑΦΗΣΗΣ
Φορέας πρωτότυπης καταλογογράφησης MC Athens Campus Library
Γλώσσα καταλογογράφησης Ελληνικά, Μοντέρνα (1453-)
Modifying agency MC Athens Campus Library
Κανόνες περιγραφικής καταλογογράφησης AACR2
245 1# - ΤΙΤΛΟΣ ΚΑΙ ΔΗΛΩΣΗ ΥΠΕΥΘΥΝΟΤΗΤΑΣ
Τίτλος Η Συναισθηματική Νοημοσύνη / Γιατί το "EQ'' είναι πιο σημαντικό από το "IQ";
250 ## - EDITION STATEMENT
Edition statement 42η
260 ## - PUBLICATION, DISTRIBUTION, ETC.
Name of publisher, distributor, etc. Ελληνικά Γράμματα,
Date of publication, distribution, etc. 1998
300 ## - PHYSICAL DESCRIPTION
Extent 464
520 ## - SUMMARY, ETC.
Summary, etc. Ένας εντελώς καινούργιος τρόπος για να αντιμετωπίσουμε στη ρίζα τους τις αιτίες των δεινών που ταλανίζουν τις οικογένειες μας και την κοινωνία μας. Πρόλογος για την Ελληνική Έκδοση, Η Πρόκληση του Αριστοτέλη, Ο Συγκινησιακός Εγκέφαλος, Η Φύση της Συναισθηματικής Νοημοσύνης, Η Συναισθηματική Νοημοσύνη στην Πράξη, Τα Παραθυράκια των Ευκαιριών, Συναισθηματική Παιδεία, Σημειώσεις, Ευχαριστίες.
700 1# - ΠΡΟΣΘΕΤΗ ΑΝΑΓΡΑΦΗ--ΦΥΣΙΚΟ ΠΡΟΣΩΠΟ
Personal name Goleman David
9 (RLIN) 7117
942 ## - ADDED ENTRY ELEMENTS (KOHA)
Koha item type Books
Holdings
Τύπος τεκμηρίου Βιβλιοθήκη Τρέχουσα τοποθεσία Barcode Αριθμός εισαγωγής Ημερομηνία απόκτησης Ταξιθετικό σύμβολο Αριθμός αντιτύπου Κατάσταση απόσυρσης Κατάσταση χαμένου Κατάσταση κατεστραμμένου Μη δανεισμός Σύνολο δανεισμών Σύνολο ανανεώσεων Ημερομηνία τελευταίας εμφάνισης Χρονολογία τελευταίου δανεισμού Η τιμή ισχύει από
Books MC Athens Campus Library MC Athens Campus Library 9780000061553 1743 05/06/2025 150.20 GOL 1         2 3 16/01/2026 23/12/2025 05/06/2025

MC Athens Campus Library
Πατησίων 94 & Κοδριγκτώνος 13, 104 34
Πελλήνης 8 & Πατησίων 107, 112 51
Τ: +30 210 8899600

MC Thessaloniki Campus Library
Ίωνος Δραγούμη 21, 54625 | Ίωνος Δραγούμη 15, 54625
Τ: +30 2310 287779 – Τ: +30 2314 440300